000 00365nam a2200157Ia 4500
008 230917s9999||||xx |||||||||||||| ||und||
040 _e195217
_aMAIN
041 _aEnglish
082 _a547.139 L612N
100 _aLi, Jie Jack
245 0 _aName reactions
250 _a3rd ed.
260 _aBerlin
_bSpringer-Verlag
_c2006
300 _a652 p.
942 _cBK
999 _c154414
_d154414